Konštrukcia a výroba tvárniaceho nástroja pre objemové tvárnenie s počítačovou podporou
Salvato in:
| Autore principale: | |
|---|---|
| Altri autori: | |
| Natura: | Manoscritto Libro |
| Lingua: | slovacco |
| Pubblicazione: |
Trnava :
STU v Bratislave MTF UVTE,
2012
|
| Soggetti: | |
| Accesso online: | VAIS |
| Tags: |
Nessun Tag, puoi essere il primo ad aggiungerne!!
|
MARC
| LEADER | 00000ntm a22000003a 4500 | ||
|---|---|---|---|
| 001 | stu249025 | ||
| 005 | 20160719160640.9 | ||
| 008 | 120620s2012----xo------------------slo-d | ||
| 040 | |a STU |b slo | ||
| 041 | 0 | |a slo | |
| 044 | |a xo | ||
| 100 | 1 | |a Mihalik, Peter, |d 1988- |4 aut |X 50496 |7 A000050496 | |
| 242 | 0 | 0 | |a Design and production of blister forming tool for volume computer - aided |y eng |
| 245 | 1 | |a Konštrukcia a výroba tvárniaceho nástroja pre objemové tvárnenie s počítačovou podporou | |
| 260 | |a Trnava : |b STU v Bratislave MTF UVTE, |c 2012 | ||
| 300 | |a 83 s |c CD ROM | ||
| 650 | 7 | |a počítačová podpora návrhu a výroby |2 stusub | |
| 650 | 7 | |a Computer-Aided Design and Production |2 estusub | |
| 650 | 7 | |a extrusion |2 estusub | |
| 650 | 7 | |a forming |2 estusub | |
| 700 | 1 | |a Bílik, Jozef, |d 1961- |4 ths |u M3000 |U MTF Materiálovotechnologická fakulta |T MTF Ústav výrobných technológií |X 1547 |U M3000 |Y 83 |7 A000001547 | |
| 856 | 4 | |a info a plný text |u http://is.stuba.sk/zp/portal_zp.pl?podrobnosti=84224 |3 VAIS | |
| 996 | |c M*DP-10670 |l MMSKP |s P |a 0 |w stu249025_0001 | ||